Получение глазурей с использованием отработанного СВД-катализатора и нефелинового шлама; Современные техника и технологии; Т. 2
| Parent link: | Современные техника и технологии: сборник трудов XVI Международной научно-практической конференции студентов, аспирантов и молодых ученых, Томск, 12-16 апреля 2010 г/ Национальный исследовательский Томский политехнический университет (ТПУ).— , 2010 Т. 2.— 2010.— [С. 251-253] |
|---|---|
| Yazar: | |
| Diğer Yazarlar: | , |
| Özet: | Заглавие с титульного листа Электронная версия печатной публикации |
| Dil: | Rusça |
| Baskı/Yayın Bilgisi: |
2010
|
| Konular: | |
| Online Erişim: | http://www.lib.tpu.ru/fulltext/c/2010/C01/V2/107.pdf |
| Materyal Türü: | Elektronik Kitap Bölümü |
| KOHA link: | https://koha.lib.tpu.ru/cgi-bin/koha/opac-detail.pl?biblionumber=233075 |
MARC
| LEADER | 00000naa2a2200000 4500 | ||
|---|---|---|---|
| 001 | 233075 | ||
| 005 | 20251204140949.0 | ||
| 035 | |a (RuTPU)RU\TPU\book\254142 | ||
| 035 | |a RU\TPU\book\254138 | ||
| 090 | |a 233075 | ||
| 100 | |a 20130226d2010 k y0rusy50 ca | ||
| 101 | 0 | |a rus | |
| 102 | |a RU | ||
| 135 | |a drnn ---uucaa | ||
| 181 | 0 | |a i | |
| 182 | 0 | |a b | |
| 200 | 1 | |a Получение глазурей с использованием отработанного СВД-катализатора и нефелинового шлама |f О. В. Тодовянская, Е. В. Недопекина |g науч. рук. М. Б. Седельникова | |
| 203 | |a Текст |c электронный | ||
| 215 | |a 1 файл (190 Кб) | ||
| 300 | |a Заглавие с титульного листа | ||
| 300 | |a Электронная версия печатной публикации | ||
| 337 | |a Adobe Reader | ||
| 461 | 0 | |0 (RuTPU)RU\TPU\book\245271 |t Современные техника и технологии |o сборник трудов XVI Международной научно-практической конференции студентов, аспирантов и молодых ученых, Томск, 12-16 апреля 2010 г |o в 3 т. |f Национальный исследовательский Томский политехнический университет (ТПУ) |d 2010 | |
| 463 | 0 | |0 (RuTPU)RU\TPU\book\250479 |t Т. 2 |v [С. 251-253] |d 2010 | |
| 610 | 1 | |a электронный ресурс | |
| 610 | 1 | |a труды учёных ТПУ | |
| 610 | 1 | |a глазури | |
| 610 | 1 | |a методы получения | |
| 610 | 1 | |a катализаторы | |
| 610 | 1 | |a нефелиновые шламы | |
| 610 | 1 | |a художественная керамика | |
| 610 | 1 | |a декоративные изделия | |
| 610 | 1 | |a СВД-катализаторы | |
| 610 | 1 | |a диатомиты | |
| 610 | 1 | |a оксид ванадия | |
| 610 | 1 | |a сульфат кальция | |
| 700 | 1 | |a Тодовянская |b О. В. | |
| 701 | 1 | |a Недопекина |b Е. В. | |
| 702 | 1 | |a Седельникова |b М. Б. |4 727 | |
| 801 | 1 | |a RU |b 63413507 |c 20130213 | |
| 801 | 2 | |a RU |b 63413507 |c 20130513 |g RCR | |
| 856 | 4 | |u http://www.lib.tpu.ru/fulltext/c/2010/C01/V2/107.pdf | |
| 942 | |c CF | ||